Normal view MARC view
  • Inglés

Entry Materia

Number of records used in: 32

001 - NÚMERO DE CONTROL DEL REGISTRO

  • campo de control: 14194

003 - IDENTIFICADOR DE NUMERO DE CONTROL

  • campo de control: MX-MxUPN

005 - FECHA Y HORA DE LA ÚLTIMA TRANSACCIÓN

  • campo de control: 20240830115544.0

008 - DATOS DE LONGITUD FIJA

  • campo de control de longitud fija: 240830nn|acnnnbabn n ana |d

035 ## - NÚMERO DE CONTROL DEL SISTEMA

  • Número de control del sistema: UPN10000014202

040 ## - FUENTE DE LA CATALOGACIÓN

  • Lengua de catalogación: spa
  • Agencia de transcripción: MX-MxUPN
  • Centro catalogador de origen: MX-MxUPN

150 ## - ENCABEZAMIENTO - TEMÁTICO

  • Término de materia o nombre geográfico como elemento inicial: Inglés
  • Subdivisión de materia general: Estudio y enseñanza (Preescolar)

670 ## - FUENTE EN LA QUE SE LOCALIZARON DATOS

  • Cita de la fuente: Autoridades BGTQ, 30 agosto 2024 :
  • Información localizada: (Inglés -- Estudio y enseñanza (Preescolar)

902 ## - CATALOGADOR

  • Catalogador: BEC/171096
  • Catalogador: MaríaRobles/300824